000 00995nam a2200253 a 4500
001 879
003 BR-CuiBMT
005 20231122035516.0
008 230810s2012 mgb 001 0 por d
020 _a9788577005123
040 _aBR-CuiBMT
_cBR-CuiBMT
080 _22007
_a351.712
090 _a351.712
_bB624p
_c2. ed.
100 1 _aBittencourt, Sidney
245 1 0 _aPregão presencial e eletrônico :
_bcomentários ao Decreto n° 3.555/2000 e ao regulamento do pregão, atualizado pelo Decreto n° 7.174/2010 : considerando as Leis n°s 10.520/2002 e 8.666/1993 atualizadas /
_cSidney Bittencourt ; Ricardo Santos Moreira da Cunha, prefácio.
250 _a2 ed., rev., ampl. e atual.
260 _aBelo Horizonte :
_bFórum,
_c2012.
300 _a391 p. ;
_c21 cm
504 _aInclui bibliografia e índice.
650 _aPregão eletrônico
_vLegislação
_zBrasil
650 _aPregão presencial
_zBrasil
650 _aSanção administrativa
_xLicitação
_zBrasil
942 _2udc
_cLV
999 _c879
_d879